000
00327nam a22001457a 4500
003
SGT
020
_a
9789352660155
082
_a
954.03
_b
K17P
100
_a
PATEL, SARDAR
245
_a
KASHMIR AUR HYDERABAD
260
_a
INDIA
_b
PRABHAT PRAKASHAN
_c
2017
300
_a
175
650
_a
FREEDOM FIGHTERS
942
_2
ddc
_c
BK
999
_c
26132
_d
26132